Osiedla Warszawy (z mapą) - Statystyki

Ogólne statystyki
  • Ten quiz został rozwiązany 4 257 razy
  • Średni wynik to 60 z 143
Odpowiedzi na mapie
Odpowiedzi zakodowano w zielono-czerwonej skali na mapie do tego quizu, zgodnie z poniższymi procentami.
 
Statystyki odpowiedzi
Osiedle % Poprawnych
Kabaty
73%
Gocław
71%
Grochów
71%
Młociny
71%
Stare Miasto
71%
Bródno
70%
Powiśle
69%
Saska Kępa
68%
Muranów
66%
Tarchomin
66%
Targówek Mieszkaniowy
66%
Las
65%
Służew
65%
Śródmieście Południowe
65%
Śródmieście Północne
64%
Gocławek
63%
Natolin
63%
Okęcie
63%
Stare Bielany
63%
Nowe Miasto
62%
Stara Praga
62%
Żerań
59%
Niedźwiadek
58%
Stary Mokotów
58%
Wawrzyszew
58%
Służewiec
57%
Stara Ochota
57%
Stary Żoliborz
56%
Koło
55%
Nowa Praga
55%
Raków
55%
Zacisze
53%
Młynów
52%
Sadyba
52%
Solec
52%
Szmulowizna
52%
Anin
51%
Rakowiec
51%
Sady Żoliborskie
51%
Słodowiec
51%
Stare Włochy
51%
Powązki
50%
Stara Miłosna
50%
Ulrychów
50%
Wawer
50%
Wierzbno
50%
Kamionek
49%
Marymont-Potok
49%
Siekierki
49%
Ujazdów
49%
Falenica
48%
Filtry
48%
Lotnisko
48%
Szczęśliwice
48%
Targówek Fabryczny
48%
Jelonki Północne
47%
Jelonki Południowe
47%
Nowe Włochy
47%
Pelcowizna
47%
Teren Wydzielony Rezerwat „Las Kabacki”
47%
Czerniaków
46%
Radość
46%
Chomiczówka
45%
Olszynka Grochowska
45%
Stary Rembertów
45%
Nowodwory
44%
Powsin
44%
Bemowo-Lotnisko
43%
Boernerowo
43%
Międzylesie
43%
Stegny
43%
Nowy Rembertów
42%
Sielce
42%
Mirów
40%
Ursynów Północny
40%
Wilanów Niski
40%
Wilanów Wysoki
40%
Fort Bema
39%
Wilanów Królewski
39%
Huta
38%
Las Bielański
38%
Nowolipki
38%
Marymont-Ruda
37%
Bródno-Podgrodzie
36%
Czyste
36%
Gołąbki
36%
Ksawerów
36%
Choszczówka
35%
Radiowo
35%
Wrzeciono
35%
Miedzeszyn
34%
Odolany
34%
Piaski
34%
Augustówka
33%
Chrzanów
33%
Marymont-Kaskada
33%
Powsinek
33%
Ursynów-Centrum
33%
Utrata
33%
Marysin Wawerski
32%
Dąbrówka
31%
Elsnerów
31%
Salomea
31%
Stary Imielin
31%
Białołęka Dworska
30%
Grodzisk
30%
Henryków
30%
Nadwiśle
30%
Paluch
30%
Pyry
30%
Wólka Węglowa
30%
Wyględów
30%
Zawady
30%
Aleksandrów
29%
Górce
29%
Fort Radiowo
28%
Jeziorki Północne
27%
Jeziorki Południowe
27%
Brzeziny
26%
Kępa Zawadowska
25%
Kobiałka
25%
Sadul
25%
Groty
24%
Kawęczyn-Wygoda
24%
Skorosze
24%
Stary Służew
24%
Błonia Wilanowskie
23%
Placówka
23%
Wesoła-Centrum
23%
Wola Grzybowska
23%
Dąbrówka Szlachecka
22%
Szamocin
22%
Szamoty
22%
Zerzeń
22%
Czechowice
20%
Plac Wojska Polskiego
20%
Opacz Wielka
19%
Wyczółki
19%
Skarpa Powsińska
18%
Grabów
16%
Zielona-Grzybowa
16%
Groszówka
15%
Załuski
14%
Nie znaleziono quizów pasujących do podanych kryteriów
Rozkład punktacji
Procent ludzi z każdym wynikiem
Percentyl według liczby udzielonych odpowiedzi
Twoja historia wyników
Nie rozwiązałeś tego quizu